Điện tử công suất

Đã lưu trong:
Bibliografiske detaljer
Hovedforfatter: Nguyễn Bính
Format: Bog
Sprog:Undetermined
Udgivet: Hà Nội KHKT 1996
Fag:
Tags: Tilføj Tag
Ingen Tags, Vær først til at tagge denne postø!
Thư viện lưu trữ: Trung tâm Học liệu Trường Đại học Cần Thơ
LEADER 00446nam a2200169Ia 4500
001 CTU_14183
008 210402s9999 xx 000 0 und d
082 |a 621.3815 
082 |b B312 
100 |a Nguyễn Bính 
245 0 |a Điện tử công suất 
245 0 |c Nguyễn Bính 
260 |a Hà Nội 
260 |b KHKT 
260 |c 1996 
650 |a electronics 
980 |a Trung tâm Học liệu Trường Đại học Cần Thơ